| 000 | 00785nam a22002537a 4500 | ||
|---|---|---|---|
| 003 | dpl | ||
| 005 | 20180827143535.0 | ||
| 008 | 180827b xxu||||| |||| 00| 0 eng d | ||
| 010 | _aA-937870, A-939880 | ||
| 020 |
_c195.00 _a8120313100 |
||
| 035 | _aA-937870 | ||
| 037 | _bCen Lib/Ret | ||
| 040 |
_aDPL _bEN _c0 |
||
| 082 |
_a005.756 _bGRE |
||
| 100 |
_aGreenwald, Rick _972361 |
||
| 245 |
_aUsing Oracle Web application server 3 / _cby Rick Greenwald |
||
| 260 |
_aNew Delhi _bPrintice-Hall of India _c1997 |
||
| 270 |
_aM-97, Cannaught Circus _bNew Delhi _e110001 |
||
| 300 |
_axxv,474p. : _c24cm(Hb) _bill. |
||
| 500 | _aIncludes index | ||
| 650 |
_aOracle (Computer file) _972362 |
||
| 650 |
_aDatabase design _936322 |
||
| 942 |
_2ddc _cEN _h005.756 _mGRE |
||
| 999 |
_c132963 _d132963 |
||